000 00451cam a2200193ua 4500
001 8661
008 150210n ii |||gr||||Z||||||eng
020 _a9780099572923
040 _cMAIN
041 _aeng
082 _a823
100 _aCarroll, L.,
_eAuthor.
245 1 _aAlices adventures in wonderland
_cBy Lewis Carroll
250 _a1st.
260 _aLondon:
_bVintage,
_c2012.
300 _a346p.
653 _aEnglish fiction
942 _cBK
999 _c7759
_d7759